|
|
|
|
| LEADER |
00000nam a2200000 i 4500 |
| 001 |
DIGEJTLOZ180 |
| 003 |
NyNyDIG |
| 008 |
201021s2019 ck a ob 000 0 eng d |
| 006 |
m o d |
| 007 |
cr ||||||||||| |
| 035 |
|
|
|a (OCoLC)1222213339
|
| 040 |
|
|
|a DGITA
|b eng
|e rda
|e pn
|c DGITA
|
| 020 |
|
|
|a 9789587252637
|q eBook
|
| 020 |
|
|
|a 9587252632
|q eBook
|
| 020 |
|
|
|z 9789587252613
|q impreso
|
| 020 |
|
|
|z 9587252616
|q impreso
|
| 050 |
1 |
4 |
|a P99 ebook
|
| 082 |
0 |
4 |
|a 302.2
|
| 245 |
0 |
0 |
|a Semióticas del cine y del audiovisual :
|b nuevas tendencias /
|c editor académico, Juan Alberto Conde ; Torben Grodal [and 12 others]
|
| 264 |
|
1 |
|a Bogotá :
|b Editorial UTADEO,
|c 2019.
|
| 300 |
|
|
|a 1 online resource. :
|b illustrations.
|
| 336 |
|
|
|a text
|b txt
|2 rdacontent
|
| 337 |
|
|
|a computer
|b c
|2 rdamedia
|
| 338 |
|
|
|a online resource
|b cr
|2 rdacarrier
|
| 347 |
|
|
|a text file
|2 rdaft
|
| 347 |
|
|
|b PDF
|
| 504 |
|
|
|a Includes bibliographical references.
|
| 588 |
0 |
|
|a Online resource; title from PDF title page (Digitalia, viewed October 21, 2020)
|
| 650 |
|
0 |
|a Semiotics.
|
| 650 |
|
0 |
|a Semiotics and motion pictures.
|
| 655 |
|
0 |
|a Electronic books.
|
| 700 |
1 |
|
|a Conde Aldana, Juan Alberto,
|d 1973-
|e editor.
|
| 700 |
1 |
|
|a Grodal, Torben Kragh,
|e author.
|
| 791 |
2 |
|
|a Digitalia (Firm),
|e distributor.
|
| 793 |
0 |
|
|g Digitalia eBook Collection:
|a Editorial Universidad de Bogotá Jorge Tadeo Lozano
|
| 776 |
0 |
8 |
|i Print version:
|t Semióticas del cine y del audiovisual.
|b Primera edición.
|d Bogotá, D.C. : Editorial UTADEO, 2019
|z 9789587252613
|w (OCoLC)1197807978
|
| 856 |
4 |
0 |
|3 Digitalia Hispánica
|u https://www.digitaliapublishing.com/a/63676/
|
| 910 |
|
|
|a Premium Collection: 2020
|